000 00772cam a2200265 a 4500
008
020 _a0072353287 (pbk.)
049 _aMAIN
050 0 0 _aRA776
_bROB
100 1 _aRobbins, Gwen.
245 1 2 _aA wellness way of life /
_cGwen Robbins, Debbie Powers and Sharon Burgess.
250 _a5th ed.
260 _aBoston :
_bMcGraw-Hill,
_c2002.
300 _axv, 581 p. :
_bill. (some col.) ;
_c28 cm. +
_e1 CD-ROM (4 3/4 in.)
504 _aIncludes bibliographical references
500 _aIncludes index.
650 0 _aHealth.
700 1 _aPowers, Debbie.
700 1 _aBurgess, Sharon.
907 _a.b10243021
_b01-02-13
_c08-05-07
003
005 20230120204013.0
040 _cNUST
942 _cBOOKS
999 _c115385
_d115385